{"text_format":"3","workbook":"xlsx","n_sheets":1,"sheets":["t296"],"read":"whole","date_system":"1900"}

{"sheet":"t296","index":0,"n_rows":165,"n_cols":7,"rows_kept":165,"merged":[[0,0,0,6],[30,0,30,5],[47,0,47,5],[142,0,142,5]]}
["TABELA 296.1 - Estatísticas Agrícolas, Município de Lagoinha, Estado de São Paulo, 2007/08."]
["ITEM","UNIDADE","N.DE UPAs","MÍNIMO","MÉDIO","MÁXIMO","TOTAL"]
["Distância à sede do município","km",734,0.2,{"v":9.13,"d":"9.1"},30.2,"-"]
["Área total","hectare",734,0.1,{"v":33.21,"d":"33.2"},{"v":1264,"d":"1,264.0"},{"v":24376.7,"d":"24,376.7"}]
["Área com cultura perene","hectare",93,0.1,{"v":0.25,"d":"0.3"},{"v":3,"d":"3.0"},23.1]
["Área com cultura temporária","hectare",329,0.1,{"v":2.42,"d":"2.4"},{"v":186,"d":"186.0"},797.5]
["Área com pastagem","hectare",711,0.1,{"v":26.07,"d":"26.1"},647.5,{"v":18537.2,"d":"18,537.2"}]
["Área com reflorestamento","hectare",82,0.1,8.3,{"v":180,"d":"180.0"},680.6]
["Área com vegetação natural","hectare",454,0.1,{"v":6.95,"d":"7.0"},{"v":250,"d":"250.0"},{"v":3157.5,"d":"3,157.5"}]
["Área com vegetação de brejo e várzea","hectare",421,0.1,1.5,{"v":130,"d":"130.0"},631.2]
["Área em descanso","hectare",88,0.1,4.8,{"v":50,"d":"50.0"},422.2]
["Área complementar","hectare",612,0.1,{"v":0.21,"d":"0.2"},4.8,127.4]
["Área das UPAs com (0, 1] ha","hectare",21,0.1,{"v":0.39,"d":"0.4"},{"v":1,"d":"1.0"},8.2]
["Área das UPAs com (1, 2] ha","hectare",15,1.2,{"v":1.29,"d":"1.3"},1.8,19.4]
["Área das UPAs com (2, 5] ha","hectare",127,2.1,{"v":3.44,"d":"3.4"},4.8,437.2]
["Área das UPAs com (5, 10] ha","hectare",126,5.2,{"v":7.65,"d":"7.7"},9.7,963.7]
["Área das UPAs com (10, 20] ha","hectare",152,10.5,{"v":14.94,"d":"14.9"},19.8,{"v":2270.6,"d":"2,270.6"}]
["Área das UPAs com (20, 50] ha","hectare",186,20.5,{"v":31.81,"d":"31.8"},49.6,{"v":5915.9,"d":"5,915.9"}]
["Área das UPAs com (50, 100] ha","hectare",62,50.8,{"v":71.53,"d":"71.5"},96.8,{"v":4434.6,"d":"4,434.6"}]
["Área das UPAs com (100, 200] ha","hectare",27,101.6,{"v":136.91,"d":"136.9"},193.6,{"v":3696.7,"d":"3,696.7"}]
["Área das UPAs com (200, 500] ha","hectare",15,205.7,{"v":287.05,"d":"287.1"},387.2,{"v":4305.8,"d":"4,305.8"}]
["Área das UPAs com (500, 1.000] ha","hectare",2,{"v":504,"d":"504.0"},530.3,556.6,{"v":1060.6,"d":"1,060.6"}]
["Área das UPAs com (1.000, 2.000] ha","hectare",1,{"v":1264,"d":"1,264.0"},{"v":1264,"d":"1,264.0"},{"v":1264,"d":"1,264.0"},{"v":1264,"d":"1,264.0"}]
["Área das UPAs com (2.000, 5.000] ha","hectare","-","-","-","-","-"]
["Área das UPAs com (5.000, 10.000] ha","hectare","-","-","-","-","-"]
["Área das UPAs acima de 10.000 ha","hectare","-","-","-","-","-"]
["Familiares do proprietário que trabalham na UPA","unidade",708,{"v":1,"d":"1.0"},{"v":1.13,"d":"1.1"},{"v":5,"d":"5.0"},{"v":802,"d":"802.0"}]
["Trabalhadores permanentes","unidade",105,{"v":1,"d":"1.0"},1.7,{"v":9,"d":"9.0"},{"v":179,"d":"179.0"}]
["Fonte: Secretaria de Agricultura e Abastecimento, CDRS/IEA, Projeto LUPA."]
[]
["TABELA 296.2 - Explorações Animais, Município de Lagoinha, Estado de São Paulo, 2007/08."]
["ITEM","UNIDADE","N.DE UPAs","MÍNIMO","MÉDIO","MÁXIMO","TOTAL"]
["Apicultura","colmeias",2,{"v":20,"d":"20.0"},{"v":26,"d":"26.0"},{"v":32,"d":"32.0"},{"v":52,"d":"52.0"}]
["Avestruzes e Ema (Criadouro)","cabeças",2,{"v":3,"d":"3.0"},4.5,{"v":6,"d":"6.0"},{"v":9,"d":"9.0"}]
["Avicultura de Corte","cabeças/ano",297,{"v":1,"d":"1.0"},{"v":26.33,"d":"26.3"},{"v":200,"d":"200.0"},{"v":7819,"d":"7,819.0"}]
["Bovinocultura de Corte","cabeças",216,{"v":2,"d":"2.0"},{"v":37.26,"d":"37.3"},{"v":505,"d":"505.0"},{"v":8049,"d":"8,049.0"}]
["Bovinocultura Leiteira","cabeças",232,{"v":1,"d":"1.0"},{"v":25.71,"d":"25.7"},{"v":222,"d":"222.0"},{"v":5965,"d":"5,965.0"}]
["Bovinocultura Mista","cabeças",23,{"v":1,"d":"1.0"},{"v":37.78,"d":"37.8"},{"v":138,"d":"138.0"},{"v":869,"d":"869.0"}]
["Bubalinocultura","cabeças",1,{"v":6,"d":"6.0"},{"v":6,"d":"6.0"},{"v":6,"d":"6.0"},{"v":6,"d":"6.0"}]
["Caprinocultura","cabeças",7,{"v":2,"d":"2.0"},{"v":13,"d":"13.0"},{"v":40,"d":"40.0"},{"v":91,"d":"91.0"}]
["Equinocultura","cabeças",284,{"v":1,"d":"1.0"},{"v":2.63,"d":"2.6"},{"v":38,"d":"38.0"},{"v":746,"d":"746.0"}]
["Helicicultura","viveiros",1,{"v":8,"d":"8.0"},{"v":8,"d":"8.0"},{"v":8,"d":"8.0"},{"v":8,"d":"8.0"}]
["Outra Exploração Animal","cabeças",1,{"v":10,"d":"10.0"},{"v":10,"d":"10.0"},{"v":10,"d":"10.0"},{"v":10,"d":"10.0"}]
["Ovinocultura","cabeças",8,{"v":8,"d":"8.0"},{"v":66.63,"d":"66.6"},{"v":300,"d":"300.0"},{"v":533,"d":"533.0"}]
["Suinocultura","cabeças",79,{"v":1,"d":"1.0"},{"v":5.96,"d":"6.0"},{"v":50,"d":"50.0"},{"v":471,"d":"471.0"}]
["Fonte: Secretaria de Agricultura e Abastecimento, CDRS/IEA, Projeto LUPA."]
[]
["TABELA 296.3 -  Máquinas, Implementos e Benfeitorias, Município de Lagoinha, Estado de São Paulo, 2007/08."]
["ITEM","UNIDADE","N.DE UPAs","MÍNIMO","MÉDIO","MÁXIMO","TOTAL"]
["Arado Comum (Bacia, Aiveca)","Unidade",39,{"v":1,"d":"1.0"},{"v":1.05,"d":"1.1"},{"v":2,"d":"2.0"},{"v":41,"d":"41.0"}]
["Arado Escarificador","Unidade",1,{"v":1,"d":"1.0"},{"v":1,"d":"1.0"},{"v":1,"d":"1.0"},{"v":1,"d":"1.0"}]
["Arado Subsolador","Unidade",1,{"v":1,"d":"1.0"},{"v":1,"d":"1.0"},{"v":1,"d":"1.0"},{"v":1,"d":"1.0"}]
["Batedeira de Cereais","Unidade",1,{"v":1,"d":"1.0"},{"v":1,"d":"1.0"},{"v":1,"d":"1.0"},{"v":1,"d":"1.0"}]
["Carregadeira de Cana","Unidade",2,{"v":1,"d":"1.0"},{"v":1,"d":"1.0"},{"v":1,"d":"1.0"},{"v":2,"d":"2.0"}]
["Colhedeira Acoplada","Unidade",1,{"v":3,"d":"3.0"},{"v":3,"d":"3.0"},{"v":3,"d":"3.0"},{"v":3,"d":"3.0"}]
["Colhedeira Automotriz","Unidade",1,{"v":1,"d":"1.0"},{"v":1,"d":"1.0"},{"v":1,"d":"1.0"},{"v":1,"d":"1.0"}]
["Conj.Irrigação Autopropelido","Unidade",1,{"v":1,"d":"1.0"},{"v":1,"d":"1.0"},{"v":1,"d":"1.0"},{"v":1,"d":"1.0"}]
["Conjunto de Fenação","Unidade",1,{"v":1,"d":"1.0"},{"v":1,"d":"1.0"},{"v":1,"d":"1.0"},{"v":1,"d":"1.0"}]
["Desintegrador de Palha (Plantio Direto)","Unidade",5,{"v":1,"d":"1.0"},1.2,{"v":2,"d":"2.0"},{"v":6,"d":"6.0"}]
["Desintegrador, Picador, Triturador","Unidade",255,{"v":1,"d":"1.0"},{"v":1.07,"d":"1.1"},{"v":3,"d":"3.0"},{"v":273,"d":"273.0"}]
["Distribuidor de Calcário","Unidade",9,{"v":1,"d":"1.0"},{"v":1.11,"d":"1.1"},{"v":2,"d":"2.0"},{"v":10,"d":"10.0"}]
["Ensiladeira","Unidade",5,{"v":1,"d":"1.0"},{"v":1,"d":"1.0"},{"v":1,"d":"1.0"},{"v":5,"d":"5.0"}]
["Grade Aradora (Tipo Romi)","Unidade",35,{"v":1,"d":"1.0"},{"v":1.06,"d":"1.1"},{"v":2,"d":"2.0"},{"v":37,"d":"37.0"}]
["Grade Niveladora","Unidade",2,{"v":1,"d":"1.0"},{"v":1,"d":"1.0"},{"v":1,"d":"1.0"},{"v":2,"d":"2.0"}]
["Implementos para Tração Animal","Unidade",72,{"v":1,"d":"1.0"},{"v":1.07,"d":"1.1"},{"v":3,"d":"3.0"},{"v":77,"d":"77.0"}]
["Microtrator","Unidade",4,{"v":1,"d":"1.0"},{"v":1.25,"d":"1.3"},{"v":2,"d":"2.0"},{"v":5,"d":"5.0"}]
["Misturador de Ração","Unidade",2,{"v":1,"d":"1.0"},{"v":1,"d":"1.0"},{"v":1,"d":"1.0"},{"v":2,"d":"2.0"}]
["Ordenhadeira Mecânica","Unidade",46,{"v":1,"d":"1.0"},{"v":1.04,"d":"1.0"},{"v":2,"d":"2.0"},{"v":48,"d":"48.0"}]
["Pulverizador Tratorizado","Unidade",3,{"v":1,"d":"1.0"},{"v":1.33,"d":"1.3"},{"v":2,"d":"2.0"},{"v":4,"d":"4.0"}]
["Resfriador de Leite, Tanque Expansão","Unidade",89,{"v":1,"d":"1.0"},{"v":1.03,"d":"1.0"},{"v":3,"d":"3.0"},{"v":92,"d":"92.0"}]
["Semeadeira/Adubadeira para Plantio Convencional","Unidade",6,{"v":1,"d":"1.0"},{"v":1.17,"d":"1.2"},{"v":2,"d":"2.0"},{"v":7,"d":"7.0"}]
["Semeadeira/Plantadeira Plantio Direto","Unidade",4,{"v":1,"d":"1.0"},1.5,{"v":2,"d":"2.0"},{"v":6,"d":"6.0"}]
["Trator de Esteiras","Unidade",1,{"v":1,"d":"1.0"},{"v":1,"d":"1.0"},{"v":1,"d":"1.0"},{"v":1,"d":"1.0"}]
["Trator de Pneus","Unidade",45,{"v":1,"d":"1.0"},{"v":1.33,"d":"1.3"},{"v":6,"d":"6.0"},{"v":60,"d":"60.0"}]
["Açude/Represa","Unidade",266,{"v":1,"d":"1.0"},{"v":1.62,"d":"1.6"},{"v":6,"d":"6.0"},{"v":431,"d":"431.0"}]
["Almoxarifado/Oficina","Unidade",1,{"v":1,"d":"1.0"},{"v":1,"d":"1.0"},{"v":1,"d":"1.0"},{"v":1,"d":"1.0"}]
["Armazém para Grãos Ensacados","Sacas",1,{"v":1,"d":"1.0"},{"v":1,"d":"1.0"},{"v":1,"d":"1.0"},{"v":1,"d":"1.0"}]
["Balança para Bovinos","Unidade",5,{"v":1,"d":"1.0"},1.2,{"v":2,"d":"2.0"},{"v":6,"d":"6.0"}]
["Balança para Veículos","Unidade",1,{"v":1,"d":"1.0"},{"v":1,"d":"1.0"},{"v":1,"d":"1.0"},{"v":1,"d":"1.0"}]
["Barracão/Galpão/Garagem","Unidade",101,{"v":1,"d":"1.0"},{"v":1.06,"d":"1.1"},{"v":3,"d":"3.0"},{"v":107,"d":"107.0"}]
["Biodigestor","Unidade",1,{"v":1,"d":"1.0"},{"v":1,"d":"1.0"},{"v":1,"d":"1.0"},{"v":1,"d":"1.0"}]
["Casa de Moradia Habitada","Unidade",599,{"v":1,"d":"1.0"},{"v":1.57,"d":"1.6"},{"v":10,"d":"10.0"},{"v":939,"d":"939.0"}]
["Casa de Moradia Total","Unidade",599,{"v":1,"d":"1.0"},{"v":1.56,"d":"1.6"},{"v":10,"d":"10.0"},{"v":932,"d":"932.0"}]
["Curral/Mangueira","Unidade",120,{"v":1,"d":"1.0"},{"v":1.01,"d":"1.0"},{"v":2,"d":"2.0"},{"v":121,"d":"121.0"}]
["Estábulo","Unidade",284,{"v":1,"d":"1.0"},{"v":1.04,"d":"1.0"},{"v":2,"d":"2.0"},{"v":294,"d":"294.0"}]
["Fábrica de Ração","Unidade",1,{"v":1,"d":"1.0"},{"v":1,"d":"1.0"},{"v":1,"d":"1.0"},{"v":1,"d":"1.0"}]
["Pocilga","Unidade",29,{"v":1,"d":"1.0"},{"v":1.38,"d":"1.4"},{"v":10,"d":"10.0"},{"v":40,"d":"40.0"}]
["Poço Semi-Artesiano","Unidade",2,{"v":1,"d":"1.0"},{"v":1,"d":"1.0"},{"v":1,"d":"1.0"},{"v":2,"d":"2.0"}]
["Secador de Grãos","Unidade",1,{"v":4,"d":"4.0"},{"v":4,"d":"4.0"},{"v":4,"d":"4.0"},{"v":4,"d":"4.0"}]
["Silo para Grãos","t",2,{"v":2,"d":"2.0"},{"v":3,"d":"3.0"},{"v":4,"d":"4.0"},{"v":6,"d":"6.0"}]
["Silo para Silagem","t",10,{"v":2,"d":"2.0"},106.9,{"v":600,"d":"600.0"},{"v":1069,"d":"1,069.0"}]
["Fonte: Secretaria de Agricultura e Abastecimento, CDRS/IEA, Projeto LUPA."]
[]
["TABELA 296.4 - Outras Estatísticas Agrícolas, Município de Lagoinha, Estado de São Paulo, 2007/08."]
["ITEM","Número de UPAs",null,"Percentual"]
["Faz Parte de Associação de Produtores",72,null,{"v":9.809264305177111,"d":"9.8"}]
["Faz Parte de Cooperativa de Produtores",134,null,{"v":18.256130790190735,"d":"18.3"}]
["Faz Parte do Sindicato de Produtores",88,null,{"v":11.989100817438693,"d":"12.0"}]
["Não utiliza assistência técnica ",567,null,{"v":77.24795640326975,"d":"77.2"}]
["Utiliza somente assistência técnica governamental ",39,null,{"v":5.313351498637602,"d":"5.3"}]
["Utiliza somente assistência técnica privada ",54,null,{"v":7.356948228882834,"d":"7.4"}]
["Utiliza assistência técnica tanto governamental quanto privada",74,null,{"v":10.08174386920981,"d":"10.1"}]
["Utiliza Crédito Rural",6,null,{"v":0.8174386920980927,"d":"0.8"}]
["Utiliza Seguro Rural",1,null,{"v":0.1362397820163488,"d":"0.1"}]
["Utiliza Escrituração Agrícola",19,null,{"v":2.5885558583106265,"d":"2.6"}]
["Acessa Internet p/ Fins na Agropecuária",4,null,{"v":0.5449591280653951,"d":"0.5"}]
["Utiliza Computador nas Atividades Agropecuárias",4,null,{"v":0.5449591280653951,"d":"0.5"}]
["Utiliza Energia Elétrica Para Uso na Atividade Agrícola",591,null,{"v":80.51771117166213,"d":"80.5"}]
["Realiza Análise de Solo, quando necessário",61,null,{"v":8.310626702997276,"d":"8.3"}]
["Utiliza Práticas de Conservação de Solo, quando necessário",9,null,{"v":1.226158038147139,"d":"1.2"}]
["Faz Adubação Mineral, quando necessário",257,null,{"v":35.013623978201636,"d":"35.0"}]
["Faz Adubação Orgânica, quando necessário",294,null,{"v":40.054495912806544,"d":"40.1"}]
["Faz Adubação Verde, quando necessário",6,null,{"v":0.8174386920980927,"d":"0.8"}]
["Utiliza Manejo Integrado de Pragas (MIP)","-",null,"-"]
["Utiliza Hidroponia","-",null,"-"]
["Utiliza Plasticultura",1,null,{"v":0.1362397820163488,"d":"0.1"}]
["Utiliza Mudas Fiscalizadas",14,null,{"v":1.907356948228883,"d":"1.9"}]
["Utiliza Semente Melhorada",61,null,{"v":8.310626702997276,"d":"8.3"}]
["Faz Confinamento de Bovinos",9,null,{"v":1.226158038147139,"d":"1.2"}]
["Utiliza Pastejo Intensivo",163,null,{"v":22.20708446866485,"d":"22.2"}]
["Faz Inseminação Artificial",7,null,{"v":0.9536784741144414,"d":"1.0"}]
["Faz Mineralização do Rebanho",405,null,{"v":55.177111716621255,"d":"55.2"}]
["Faz Vermifugação do Rebanho",407,null,{"v":55.44959128065395,"d":"55.4"}]
["Possui Parceiros /Arrendatários na Exploração Animal",8,null,{"v":1.0899182561307903,"d":"1.1"}]
["Esporte e lazer","-",null,"-"]
["Extração mineral","-",null,"-"]
["Hotel Fazenda, Pousada ou SPA","-",null,"-"]
["Pesque-pague","-",null,"-"]
["Restaurante ou Lanchonete",2,null,{"v":0.2724795640326976,"d":"0.3"}]
["Transformação artesanal","-",null,"-"]
["Turismo rural ou ecoturismo","-",null,"-"]
["Outras atividades econômicas rurais",7,null,{"v":0.9536784741144414,"d":"1.0"}]
["Agroindústria","-",null,"-"]
["Proprietário sem instrução ou com instrução incompleta",38,null,{"v":5.177111716621253,"d":"5.2"}]
["Proprietário com antigo primário completo",390,null,{"v":53.13351498637602,"d":"53.1"}]
["Proprietário com 1° grau (ou antigo ginasial) completo",67,null,{"v":9.128065395095367,"d":"9.1"}]
["Proprietário com 2° grau (ou antigo colegial) completo",113,null,{"v":15.39509536784741,"d":"15.4"}]
["Proprietário com curso superior completo ",112,null,{"v":15.258855585831062,"d":"15.3"}]
["Pessoa Jurídica",14,null,{"v":1.907356948228883,"d":"1.9"}]
["Proprietário residente na própria UPA ",267,null,{"v":36.37602179836512,"d":"36.4"}]
["Fonte: Secretaria de Agricultura e Abastecimento, CDRS/IEA, Projeto LUPA."]
[]
["TABELA 296.5 - Área Cultivada, Município de Lagoinha, Estado de São Paulo, 2007/08."]
["CULTURA","N.DE UPAs","MÍNIMO","MÉDIO","MÁXIMO","TOTAL"]
["Braquiaria",481,0.1,{"v":27.97,"d":"28.0"},492.4,{"v":13452.3,"d":"13,452.3"}]
["Outras gramineas para pastagem",300,0.1,{"v":15.48,"d":"15.5"},641.5,{"v":4643.7,"d":"4,643.7"}]
["Eucalipto",82,0.1,8.3,{"v":180,"d":"180.0"},680.6]
["Milho",199,0.1,{"v":2.61,"d":"2.6"},{"v":180,"d":"180.0"},518.5]
["Capim-napier (ou capim-elefante)",271,0.1,{"v":1.53,"d":"1.5"},{"v":40,"d":"40.0"},413.9]
["Cana-de-acucar",217,0.1,{"v":1.25,"d":"1.3"},24.7,272.3]
["Gramas",6,0.5,{"v":4.22,"d":"4.2"},8.5,25.3]
["Feijao",31,0.1,{"v":0.82,"d":"0.8"},{"v":6,"d":"6.0"},25.3]
["Pomar domestico",88,0.1,{"v":0.25,"d":"0.3"},{"v":3,"d":"3.0"},22.4]
["Milho-silagem",8,{"v":1,"d":"1.0"},{"v":1.58,"d":"1.6"},2.4,12.6]
["Mandioca",27,0.1,{"v":0.29,"d":"0.3"},2.4,7.7]
["Horta domestica",13,0.1,{"v":0.29,"d":"0.3"},1.3,3.8]
["Capim-jaragua",1,{"v":2,"d":"2.0"},{"v":2,"d":"2.0"},{"v":2,"d":"2.0"},{"v":2,"d":"2.0"}]
["Amendoim",4,0.1,{"v":0.43,"d":"0.4"},1.2,1.7]
["Maracuja",1,1.1,1.1,1.1,1.1]
["Abobora (ou jerimum)",2,0.1,0.3,0.5,0.6]
["Banana",4,0.1,0.1,0.1,0.4]
["Cafe",3,0.1,0.1,0.1,0.3]
["Batata-doce",2,0.1,0.1,0.1,0.2]
["Pupunha",1,0.2,0.2,0.2,0.2]
["Fonte: Secretaria de Agricultura e Abastecimento, CDRS/IEA, Projeto LUPA."]